Balance of Payments Statistics Yearbook 2002 Part 2: World and Regional Tables

Gespeichert in:
Bibliographische Detailangaben
Format: Buch
Sprache:Englisch
Veröffentlicht: Washington International Monetary Fund 2002
Schlagworte:
Tags: Tag hinzufügen
Keine Tags, Fügen Sie das erste Tag hinzu!

MARC

LEADER 00000nam$a2200000$$$4500
001 0008158
005 20251103110427.3
022 |a 0252-3035 
041 0 |a eng 
044 |a US 
245 1 0 |a Balance of Payments Statistics Yearbook 2002  |b Part 2: World and Regional Tables 
264 1 |a Washington  |b International Monetary Fund  |c 2002 
300 |a 386 s. 
610 2 0 |a bilancia platobná 
610 2 0 |a Medzinárodný menový fond